Strategy <an> introduction to game theory

Na minha lista:
Detalhes bibliográficos
Autor principal: Watson, Joel
Formato: Livro
Idioma:inglês
Publicado em: New York W.W. Norton & Company 2008
Edição:2nd ed.
Assuntos:
Tags: Adicionar Tag
Sem tags, seja o primeiro a adicionar uma tag!

MARC

LEADER 00000nam a2200000 4500
001 0130287
005 20240226124431.3
020 |a 978-0-393-92934-8 
041 0 |a eng 
044 |a US 
245 1 0 |a Strategy  |b <an> introduction to game theory  |c Joel Watson 
250 |a 2nd ed. 
264 1 |a New York  |b W.W. Norton & Company  |c 2008 
300 |a 404 s. 
610 2 0 |a teória hier 
610 2 0 |a plánovanie strategické 
610 2 0 |a rovnováha 
610 2 0 |a ekonómia 
610 2 0 |a správanie 
610 2 0 |a informácie 
610 2 0 |a modely matematické 
100 1 |a Watson, Joel